|
|
|
|
| LEADER |
00000nam a22000007a 4500 |
| 005 |
20120622141424.0 |
| 007 |
cr|||| |||| |
| 008 |
120622s2006 pe |||||s|||| 00||0 spa d |
| 020 |
|
|
|a 9972-224-10-4
|
| 035 |
|
|
|a 6458
|
| 040 |
|
|
|a vLex
|
| 090 |
|
|
|c 3235
|d 3235
|
| 100 |
1 |
|
|a Mosquera Monelos, Susana
|
| 245 |
1 |
3 |
|a El derecho fundamental de igualdad (II Jornada de Derechos Humanos)
|h [Recurso electrn̤ico] /
|c Susana Mosquera Monelos
|
| 256 |
|
|
|a Servicio en ln̕ea
|
| 260 |
|
|
|a Lima :
|b Editorial Palestra,
|c 2006
|
| 300 |
|
|
|a 1 recurso electrn̤ico
|
| 506 |
1 |
|
|a Contenido solo disponible en los productos indicados
|d vLex Global
|d vLex Global (Academic Edition, excluding Law Schools)
|d vLex Global (U.S. Academic Edition, Law Schools)
|d vLex Global (U.S. Academic Edition, excluding Law Schools)
|d vLex Global (Academic Edition, Law Schools)
|
| 650 |
0 |
4 |
|a Drets civils
|z Per︢
|
| 650 |
0 |
4 |
|a Derechos humanos
|z Per︢
|
| 740 |
0 |
|
|a vLex Libros (Servicio en ln̕ea)
|
| 856 |
4 |
0 |
|u http://vlex.com/source/derecho-fundamental-igualdad-ii-jornada-derechos-humanos-6458
|z Acceso restringido
|
| 942 |
|
|
|c BOOK
|
| 999 |
0 |
|
|a Civil rights
|
| 999 |
0 |
|
|a Human rights
|